Les clubs de Liga (2017-2018) - Statistiques

Statistiques générales
  • Ce quiz a été pris 142 fois
  • Le résultat moyen est 14 sur 20
Statistiques - réponses
Classement 2016-2017 Club % Correct
2e FC Barcelone
99%
1er Real Madrid
98%
3e Atlético Madrid
96%
15e Betis Séville
96%
4e Séville FC
95%
8e Espanyol Barcelone
88%
11e Valence CF
86%
6e Real Sociedad
78%
7e Athletic Bilbao
76%
5e Villareal CF
76%
12e Málaga CF
64%
3e (D2) Getafe CF
62%
16e Deportivo La Corogne
56%
9e Deportivo Alavés
52%
13e Celta Vigo
51%
1er (D2) Levante UD
50%
14e Las Palmas
49%
10e SD Eibar
44%
17e CD Leganés
28%
2e (D2) Gérone FC
21%
Aucun quiz correspondant
Distribution des résultats
% des personnes avec chaque résultat
Percentile par nombre de réponses
Votre historique - résultats
Vous n’avez pas pris ce quiz